Management by motivation

Αποθηκεύτηκε σε:
Λεπτομέρειες βιβλιογραφικής εγγραφής
Κύριος συγγραφέας: Gellerman, Saul W.
Μορφή: Βιβλίο
Γλώσσα:Undetermined
Έκδοση: New York American Management Association, Inc. 1968
Θέματα:
Ετικέτες: Προσθήκη ετικέτας
Δεν υπάρχουν, Καταχωρήστε ετικέτα πρώτοι!
Thư viện lưu trữ: Trung tâm Học liệu Trường Đại học Cần Thơ
LEADER 00473nam a2200169Ia 4500
001 CTU_78410
008 210402s9999 xx 000 0 und d
082 |a 658 
082 |b G318 
100 |a Gellerman, Saul W. 
245 0 |a Management by motivation 
245 0 |c Saul W. Gellerman 
260 |a New York 
260 |b American Management Association, Inc. 
260 |c 1968 
650 |a Industrial management 
980 |a Trung tâm Học liệu Trường Đại học Cần Thơ